1310 1940 1131 1398 1779 1195 1637 1322 1480 1181 1980 1818 1314 1418 1667 1149 1041 1188 1631 1139 1218 1383 1293 1009 1929 1738 1632 1646 1930 1732 1415 1573 1970 1630 1348 1009 1103 1421 1098 1169 1622 1936 1463 1199 1646 1989 1812 1518 1323 1380 1917 1237 1784 1416 1089 1910 1492 1966 1427 1347 1095 1133 1898 1687 1800 1892 1458 1737 1788 1123 1738 1589 1878 1184 1719 1377 1867 1720 1162 1986 1474 1678 1006 1174 1568 1671 1330 1536 1815 1513 1252 1347 1401 1884 1474 1525 1747 1881 1618 BCNSPRNW ULIB Ver.6.0+V

เปลี่ยนเป็นภาษาไทย

Change to English
 แสดงรายละเอียดบรรณานุกรม
  กลับหน้าหลัก

Brief Record : Get Marc (ISO 2709) : E-mail record : QR code < ปิดหน้าต่าง
LEADER : 00000nam 2200000uu 4500
001    13399108609
003     ULIB
008    110310s2553||||th 000 0 tha d
020    9786161100889
060  4 QY4^bส748ค
100 0  สุคันธา สิงห์ทอง
110 1  สถาบันพระบรมราชชนก^bโครงการสวัสดิการวิชาการ
245 00 ความรู้พื้นฐานด้านพยาธิวิทยาคลินิก/^cสุคันธา สิงห์ทอง
250    พิมพ์ครั้งที่ 1
260    นนทบุรี:^bโครงการสวัสดิการวิชาการ,^c2553
300    136 หน้า:^bภาพประกอบ
650  7 พยาธิวิทยา
945    ^p230^l0^i028663
945    ^p230^l0^i028662
945    ^p230^l0^i028363
945    ^p230^l0^i028361
945    ^p230^l0^i028360
945    ^p230^l0^i028359
945    ^p230^l0^i028362
945    ^p230^l0^i032604
945    ^p230^l0^i032605
995    ทศพร
999 ^a ใช้งานได้ทุกระบบ
รายการนี้ยังไม่มีแท็ก
คุณยังไม่ได้ล็อกอิน คุณสามารถมีกิจกรรมร่วมกับเว็บไซต์ได้ แต่ต้องล็อกอินก่อน ::
  ล็อกอิน

รายการสื่อสารสนเทศ

ลำดับที่ ประเภท เลขเรียก/บาร์โค้ด สถานที่ สถานะ
1. วิทยาศาสตร์การแพทย์ และสุขภาพ
หนังสือสำรอง
สถานะ=หนังสือสำรอง
QY4 ส748ค ฉ.1 
  Barcode: 028359
ห้องสมุดวิทยาเขตสวรรค์ประชารักษ์
►ส่วนจัดเก็บหนังสือเก่า สปร
บนชั้น
  ขอยืม
2. วิทยาศาสตร์การแพทย์ และสุขภาพ
วิทยาศาสตร์การแพทย์ และสุขภาพ
QY4 ส748ค ฉ.2 
  Barcode: 028360
ห้องสมุดวิทยาเขตสวรรค์ประชารักษ์
►ส่วนจัดเก็บหนังสือเก่า สปร
บนชั้น
  ขอยืม
3. วิทยาศาสตร์การแพทย์ และสุขภาพ
วิทยาศาสตร์การแพทย์ และสุขภาพ
QY4 ส748ค ฉ.3 
  Barcode: 028361
ห้องสมุดวิทยาเขตสวรรค์ประชารักษ์
►ส่วนจัดเก็บหนังสือเก่า สปร
บนชั้น
  ขอยืม
4. วิทยาศาสตร์การแพทย์ และสุขภาพ
วิทยาศาสตร์การแพทย์ และสุขภาพ
QY4 ส748ค ฉ.4 
  Barcode: 028362
ห้องสมุดวิทยาเขตสวรรค์ประชารักษ์
►ส่วนจัดเก็บหนังสือเก่า สปร
บนชั้น
  ขอยืม
5. วิทยาศาสตร์การแพทย์ และสุขภาพ
วิทยาศาสตร์การแพทย์ และสุขภาพ
QY4 ส748ค ฉ.5 
  Barcode: 028363
ห้องสมุดวิทยาเขตสวรรค์ประชารักษ์
►ส่วนจัดเก็บหนังสือเก่า สปร
บนชั้น
  ขอยืม
6. วิทยาศาสตร์การแพทย์ และสุขภาพ
วิทยาศาสตร์การแพทย์ และสุขภาพ
QY4 ส748ค ฉ.6 
  Barcode: 028662
ห้องสมุดวิทยาเขตสวรรค์ประชารักษ์
►ส่วนจัดเก็บหนังสือเก่า สปร
บนชั้น
  ขอยืม
7. วิทยาศาสตร์การแพทย์ และสุขภาพ
วิทยาศาสตร์การแพทย์ และสุขภาพ
QY4 ส748ค ฉ.7 
  Barcode: 028663
ห้องสมุดวิทยาเขตสวรรค์ประชารักษ์
►ส่วนจัดเก็บหนังสือเก่า สปร
บนชั้น
  ขอยืม
8. วิทยาศาสตร์การแพทย์ และสุขภาพ
วิทยาศาสตร์การแพทย์ และสุขภาพ
QY4 ส748ค ฉ.8 
  Barcode: 032604
ห้องสมุดวิทยาเขตสวรรค์ประชารักษ์
►ส่วนจัดเก็บหนังสือเก่า สปร
บนชั้น
  ขอยืม
9. วิทยาศาสตร์การแพทย์ และสุขภาพ
วิทยาศาสตร์การแพทย์ และสุขภาพ
QY4 ส748ค ฉ.9 
  Barcode: 032605
ห้องสมุดวิทยาเขตสวรรค์ประชารักษ์
►ส่วนจัดเก็บหนังสือเก่า สปร
บนชั้น
  ขอยืม

รายการใกล้เคียง
    ผู้แต่ง [สุคันธา สิงห์ทอง]

    หัวเรื่อง [พยาธิวิทยา]

BibComment


ยังไม่เคยถูกคอมเมนท์

คอมเมนท์ทรัพยากรรายการนี้
  คอมเมนท์: ความรู้พื้นฐานด้า..


 Copyright 2026. Bcnsprnw @Library